[Event "54th Ilmar Raud Memorial"]
[Site "Viljandi"]
[Date "2020.07.09"]
[Round "6.3"]
[White "Nyysti, Sampsa"]
[Black "Shishkov, Andrei"]
[Result "0-1"]
[WhiteElo "2338"]
[BlackElo "2390"]
[PlyCount "112"]
[EventDate "2020.??.??"]

1. e4 {[%emt 0:02:18]} d5 {[%emt 0:00:05]} 2. exd5 {[%emt 0:00:25]} Nf6 {
[%emt 0:00:05]} 3. Nf3 {[%emt 0:00:58]} Nxd5 {[%emt 0:00:05]} 4. d4 {[%emt 0:
00:09]} Bg4 {[%emt 0:00:05]} 5. h3 {[%emt 0:02:14]} Bxf3 {[%emt 0:03:26]} 6.
Qxf3 {[%emt 0:00:02]} e6 {[%emt 0:00:17]} 7. a3 {[%emt 0:09:37]} Qf6 {[%emt 0:
12:19]} 8. Qxf6 {[%emt 0:04:12]} Nxf6 {[%emt 0:00:29]} 9. Nd2 {[%emt 0:07:23]}
g6 {[%emt 0:09:38]} 10. Nf3 {[%emt 0:04:00]} Bg7 {[%emt 0:00:46]} 11. b3 {
[%emt 0:02:18]} c5 {[%emt 0:07:21]} 12. Bb2 {[%emt 0:05:35]} cxd4 {[%emt 0:00:
54]} 13. Nxd4 {[%emt 0:01:25]} O-O {[%emt 0:01:13]} 14. Be2 {[%emt 0:12:31]} a6
{[%emt 0:03:13]} 15. O-O-O {[%emt 0:01:31]} Ne4 {[%emt 0:09:02]} 16. Rhf1 {
[%emt 0:05:19]} Bh6+ {[%emt 0:00:35]} 17. f4 {[%emt 0:00:13]} e5 {[%emt 0:06:
04]} 18. Nf3 {[%emt 0:02:32]} Bxf4+ {[%emt 0:00:59]} 19. Kb1 Ng3 {[%emt 0:02:
49]} 20. Rfe1 {[%emt 0:06:22]} Nxe2 {[%emt 0:00:51]} 21. Rxe2 {[%emt 0:00:01]}
f6 {[%emt 0:00:07]} 22. Ree1 {[%emt 0:05:04]} Nc6 {[%emt 0:06:50]} 23. Rd7 {
[%emt 0:00:10]} Rf7 {[%emt 0:01:10]} 24. Red1 {[%emt 0:00:11]} Re8 {[%emt 0:01:
17]} 25. Ng1 {[%emt 0:00:23]} Rxd7 {[%emt 0:02:36]} 26. Rxd7 {[%emt 0:00:04]}
Rd8 {[%emt 0:00:19]} 27. Rxd8+ {[%emt 0:00:05]} Nxd8 {[%emt 0:00:02]} 28. Ne2 {
[%emt 0:00:33]} Be3 {[%emt 0:00:45]} 29. c4 {[%emt 0:00:21]} Kf7 {[%emt 0:01:
32]} 30. Kc2 {[%emt 0:00:06]} Ke6 {[%emt 0:00:58]} 31. Kd3 {[%emt 0:00:25]} Bf2
{[%emt 0:05:28]} 32. b4 {[%emt 0:00:46]} f5 {[%emt 0:00:57]} 33. c5 {[%emt 0:
00:48]} Kd5 {[%emt 0:08:01]} 34. Nc3+ {[%emt 0:00:07]} Kc6 {[%emt 0:00:28]} 35.
Ne2 {[%emt 0:03:23]} Nf7 {[%emt 0:07:34]} 36. Kc4 {[%emt 0:01:03]} b6 {[%emt 0:
03:06]} 37. cxb6 {[%emt 0:00:54]} Nd6+ {[%emt 0:00:44]} 38. Kb3 {[%emt 0:00:31]
} e4 {[%emt 0:00:09]} 39. Bd4 {[%emt 0:08:00]} Bxd4 {[%emt 0:02:23]} 40. Nxd4+
{[%emt 0:00:02]} Kxb6 {[%emt 0:00:06]} 41. a4 {[%emt 0:00:07]} f4 {[%emt 0:11:
45]} 42. Kc3 {[%emt 0:01:03]} g5 {[%emt 0:01:32]} 43. Kd2 {[%emt 0:06:33]} h6 {
[%emt 0:01:42]} 44. Ke2 {[%emt 0:02:07]} a5 {[%emt 0:01:11]} 45. bxa5+ {
[%emt 0:07:34]} Kxa5 {[%emt 0:00:01]} 46. h4 {[%emt 0:00:17]} g4 {[%emt 0:01:
31]} 47. Nc6+ {[%emt 0:07:00]} Kxa4 {[%emt 0:00:12]} 48. Ne5 {[%emt 0:00:15]}
h5 {[%emt 0:00:51]} 49. Ng6 {[%emt 0:00:54]} f3+ {[%emt 0:00:38]} 50. Kf2 {
[%emt 0:00:48]} Kb3 {[%emt 0:02:13]} 51. gxf3 {[%emt 0:04:00]} exf3 {[%emt 0:
00:32]} 52. Nf4 {[%emt 0:06:29]} Ne4+ {[%emt 0:00:19]} 53. Ke3 {[%emt 0:00:01]}
f2 {[%emt 0:00:30]} 54. Ke2 {[%emt 0:00:44]} g3 {[%emt 0:00:09]} 55. Ng2 {
[%emt 0:01:35]} Kc3 {[%emt 0:01:11]} 56. Nf4 {[%emt 0:01:13]} Kd4 {[%emt 0:01:
32]} 0-1

[Event "54th Ilmar Raud Memorial"]
[Site "Viljandi"]
[Date "2020.07.09"]
[Round "6.4"]
[White "Miezis, Normunds"]
[Black "Pohjala, Henri"]
[Result "1-0"]
[WhiteElo "2489"]
[BlackElo "2358"]
[PlyCount "125"]
[EventDate "2020.??.??"]

1. c4 {[%emt 0:01:49]} c6 {[%emt 0:02:15]} 2. e4 {[%emt 0:00:29]} e5 {[%emt 0:
00:20]} 3. Nf3 {[%emt 0:00:28]} d6 {[%emt 0:00:11]} 4. d4 {[%emt 0:00:32]} Nd7
{[%emt 0:00:09]} 5. Nc3 {[%emt 0:01:06]} Ngf6 {[%emt 0:00:08]} 6. g3 {[%emt 0:
00:49]} Be7 {[%emt 0:00:20]} 7. Bg2 {[%emt 0:00:15]} a5 {[%emt 0:02:24]} 8. O-O
{[%emt 0:04:36]} O-O {[%emt 0:04:28]} 9. h3 {[%emt 0:06:36]} exd4 {[%emt 0:00:
16]} 10. Nxd4 {[%emt 0:00:41]} Nc5 {[%emt 0:00:12]} 11. Qc2 {[%emt 0:02:09]}
Re8 {[%emt 0:12:18]} 12. Bf4 {[%emt 0:05:56]} Bf8 {[%emt 0:12:21]} 13. Rad1 {
[%emt 0:04:52]} Qc7 {[%emt 0:13:59]} 14. g4 {[%emt 0:07:36]} Nfd7 {[%emt 0:12:
52]} 15. b3 {[%emt 0:06:31]} f6 {[%emt 0:06:16]} 16. Bg3 {[%emt 0:04:03]} Ne5 {
[%emt 0:05:05]} 17. f4 {[%emt 0:02:18]} Nf7 {[%emt 0:00:46]} 18. Kh2 {[%emt 0:
01:17]} Qb6 {[%emt 0:02:07]} 19. Rb1 {[%emt 0:04:15]} Bd7 {[%emt 0:10:28]} 20.
Qd2 {[%emt 0:06:19]} Qc7 {[%emt 0:02:31]} 21. Rf2 {[%emt 0:02:52]} Qb6 {
[%emt 0:04:05]} 22. a3 {[%emt 0:04:56]} Qc7 {[%emt 0:00:56]} 23. b4 {[%emt 0:
07:23]} axb4 {[%emt 0:00:10]} 24. axb4 {[%emt 0:00:07]} Na4 {[%emt 0:02:19]}
25. Nd1 {[%emt 0:00:59]} Nb6 {[%emt 0:01:12]} 26. Ne3 {[%emt 0:02:39]} Ra3 {
[%emt 0:03:46]} 27. Ndc2 {[%emt 0:01:29]} Ra4 {[%emt 0:00:11]} 28. Qc3 {
[%emt 0:08:28]} c5 {[%emt 0:00:54]} 29. Rd2 {[%emt 0:02:19]} cxb4 {[%emt 0:00:
56]} 30. Nxb4 {[%emt 0:01:16]} Bc6 {[%emt 0:01:04]} 31. Nxc6 {[%emt 0:05:19]}
bxc6 {[%emt 0:00:08]} 32. Qb3 {[%emt 0:01:00]} Ra6 {[%emt 0:00:02]} 33. c5 {
[%emt 0:02:10]} Nd7 {[%emt 0:00:02]} 34. cxd6 {[%emt 0:00:37]} Bxd6 {[%emt 0:
00:02]} 35. e5 {[%emt 0:01:00]} fxe5 {[%emt 0:01:26]} 36. Nf5 {[%emt 0:01:56]}
exf4 {[%emt 0:01:34]} 37. Nxd6 {[%emt 0:00:05]} fxg3+ {[%emt 0:00:04]} 38. Kh1
{[%emt 0:00:22]} Rf8 {[%emt 0:00:44]} 39. Nxf7 {[%emt 0:00:45]} Rxf7 {[%emt 0:
00:03]} 40. Rf1 {[%emt 0:01:06]} Nf8 {[%emt 0:01:18]} 41. Rd3 {[%emt 0:04:48]}
Ng6 {[%emt 0:05:49]} 42. Rdf3 {[%emt 0:03:12]} Ne5 {[%emt 0:00:18]} 43. Rf5 {
[%emt 0:00:20]} Ra7 {[%emt 0:06:50]} 44. Qe6 {[%emt 0:02:57]} Qe7 {[%emt 0:01:
10]} 45. Rxe5 {[%emt 0:01:44]} Qxe6 {[%emt 0:00:12]} 46. Rxe6 {[%emt 0:00:06]}
Rxf1+ {[%emt 0:00:15]} 47. Bxf1 {[%emt 0:00:09]} h5 {[%emt 0:00:33]} 48. gxh5 {
[%emt 0:02:02]} Ra1 {[%emt 0:01:43]} 49. Kg2 {[%emt 0:00:10]} Rc1 {[%emt 0:00:
09]} 50. Bd3 {[%emt 0:00:51]} Kf7 {[%emt 0:00:02]} 51. Re3 {[%emt 0:00:47]} c5
{[%emt 0:00:29]} 52. Rf3+ {[%emt 0:00:30]} Ke6 {[%emt 0:00:02]} 53. Rxg3 {
[%emt 0:00:34]} c4 {[%emt 0:00:35]} 54. Bh7 {[%emt 0:00:06]} Kf7 {[%emt 0:02:
47]} 55. Rg4 {[%emt 0:00:26]} c3 {[%emt 0:00:19]} 56. Rg6 {[%emt 0:00:51]} Kf8
{[%emt 0:00:59]} 57. Rc6 {[%emt 0:00:20]} Ke7 {[%emt 0:00:04]} 58. Bf5 {
[%emt 0:01:02]} Kf7 {[%emt 0:01:34]} 59. Kg3 {[%emt 0:00:25]} Ke7 {[%emt 0:00:
41]} 60. Kh4 {[%emt 0:01:11]} Rf1 {[%emt 0:00:22]} 61. Kg5 {[%emt 0:00:28]}
Rg1+ {[%emt 0:00:05]} 62. Bg4 {[%emt 0:00:26]} Rc1 {[%emt 0:00:21]} 63. Kg6 {
[%emt 0:00:26]} 1-0

[Event "54th Ilmar Raud Memorial"]
[Site "Viljandi"]
[Date "2020.07.09"]
[Round "6.5"]
[White "Laurusas, Tomas"]
[Black "Olde, Margareth"]
[Result "1-0"]
[WhiteElo "2511"]
[BlackElo "2205"]
[PlyCount "123"]
[EventDate "2020.??.??"]

1. d4 {[%emt 0:02:39]} Nf6 {[%emt 0:00:13]} 2. c4 {[%emt 0:00:10]} e6 {[%emt 0:
00:04]} 3. Nf3 {[%emt 0:00:04]} b6 {[%emt 0:00:08]} 4. a3 {[%emt 0:00:06]} Bb7
{[%emt 0:01:24]} 5. Nc3 {[%emt 0:00:09]} Be7 {[%emt 0:00:58]} 6. d5 {[%emt 0:
00:23]} exd5 {[%emt 0:09:01]} 7. cxd5 {[%emt 0:03:05]} O-O {[%emt 0:00:40]} 8.
g3 {[%emt 0:06:55]} d6 {[%emt 0:02:41]} 9. Bg2 {[%emt 0:00:55]} a5 {[%emt 0:05:
26]} 10. Nd4 {[%emt 0:02:23]} Re8 {[%emt 0:01:12]} 11. O-O {[%emt 0:00:37]} Bf8
{[%emt 0:05:00]} 12. Rb1 {[%emt 0:05:35]} Qd7 {[%emt 0:10:48]} 13. Bg5 {
[%emt 0:02:23]} Be7 {[%emt 0:01:25]} 14. Rc1 {[%emt 0:01:56]} h6 {[%emt 0:06:
58]} 15. Bf4 {[%emt 0:01:08]} c5 {[%emt 0:09:53]} 16. dxc6 {[%emt 0:01:48]}
Nxc6 {[%emt 0:01:41]} 17. Ndb5 {[%emt 0:02:54]} Red8 {[%emt 0:11:20]} 18. Be3 {
[%emt 0:06:45]} Na7 {[%emt 0:07:04]} 19. Bxb7 {[%emt 0:03:58]} Qxb7 {[%emt 0:
01:01]} 20. Nxa7 {[%emt 0:00:37]} Qxa7 {[%emt 0:00:45]} 21. Nd5 {[%emt 0:07:40]
} Nxd5 {[%emt 0:00:27]} 22. Qxd5 {[%emt 0:00:02]} Rab8 {[%emt 0:03:38]} 23. Rc6
{[%emt 0:03:15]} Bf6 {[%emt 0:03:52]} 24. Rfc1 {[%emt 0:03:19]} Qa6 {[%emt 0:
00:52]} 25. Rc7 {[%emt 0:01:35]} Rf8 {[%emt 0:00:06]} 26. R1c2 {[%emt 0:00:42]}
Rbc8 {[%emt 0:04:12]} 27. Qxd6 {[%emt 0:01:09]} Rxc7 {[%emt 0:02:49]} 28. Qxc7
{[%emt 0:00:02]} b5 {[%emt 0:01:21]} 29. Qb6 {[%emt 0:09:34]} Qxb6 {[%emt 0:00:
46]} 30. Bxb6 {[%emt 0:00:01]} Ra8 {[%emt 0:01:24]} 31. Kf1 {[%emt 0:06:23]} b4
{[%emt 0:04:03]} 32. a4 {[%emt 0:01:00]} b3 {[%emt 0:00:25]} 33. Rd2 {[%emt 0:
00:08]} Rc8 {[%emt 0:00:52]} 34. Rd3 {[%emt 0:01:02]} Rc1+ {[%emt 0:02:01]} 35.
Kg2 {[%emt 0:00:09]} Rc4 {[%emt 0:02:41]} 36. Rxb3 {[%emt 0:02:07]} Rxa4 {
[%emt 0:00:05]} 37. Bc5 {[%emt 0:00:30]} Rc4 {[%emt 0:00:47]} 38. Ba3 {[%emt 0:
00:05]} a4 {[%emt 0:00:41]} 39. Rb7 {[%emt 0:00:34]} h5 {[%emt 0:00:31]} 40. h4
{[%emt 0:01:27]} g6 {[%emt 0:00:40]} 41. Kf3 {[%emt 0:00:06]} Kg7 {[%emt 0:01:
18]} 42. Ke3 {[%emt 0:04:23]} Rc1 {[%emt 0:03:45]} 43. Rb4 {[%emt 0:04:07]} Rb1
{[%emt 0:01:37]} 44. Kf3 {[%emt 0:00:16]} g5 {[%emt 0:06:13]} 45. hxg5 {
[%emt 0:00:12]} Bxg5 {[%emt 0:00:04]} 46. Rxa4 {[%emt 0:00:20]} Kg6 {[%emt 0:
00:33]} 47. Rb4 {[%emt 0:00:48]} Kg7 {[%emt 0:01:50]} 48. Rb5 {[%emt 0:01:41]}
Kg6 {[%emt 0:01:21]} 49. Rb6+ {[%emt 0:01:26]} f6 {[%emt 0:02:09]} 50. Bc5 {
[%emt 0:00:26]} h4 {[%emt 0:00:17]} 51. gxh4 {[%emt 0:00:02]} Bxh4 {[%emt 0:00:
06]} 52. Kg4 {[%emt 0:00:12]} Bg5 {[%emt 0:00:35]} 53. f4 {[%emt 0:00:13]} Bh6
{[%emt 0:00:08]} 54. Bd4 {[%emt 0:00:51]} Bg7 {[%emt 0:00:09]} 55. f5+ {
[%emt 0:00:03]} Kf7 {[%emt 0:00:22]} 56. Kf3 {[%emt 0:00:26]} Ke7 {[%emt 0:02:
26]} 57. Rb7+ {[%emt 0:00:16]} Kf8 {[%emt 0:00:06]} 58. Ke4 {[%emt 0:00:07]}
Re1 {[%emt 0:00:15]} 59. e3 {[%emt 0:00:33]} Bh6 {[%emt 0:00:08]} 60. b4 {
[%emt 0:00:08]} Ke8 {[%emt 0:00:43]} 61. b5 {[%emt 0:00:11]} Kd8 {[%emt 0:00:
09]} 62. Rf7 {[%emt 0:00:15]} 1-0

[Event "54th Ilmar Raud Memorial"]
[Site "Viljandi"]
[Date "2020.07.09"]
[Round "6.6"]
[White "Kanep, Meelis"]
[Black "Wartiovaara, Oliver"]
[Result "1/2-1/2"]
[WhiteElo "2465"]
[BlackElo "2190"]
[PlyCount "29"]
[EventDate "2020.??.??"]

1. d4 {[%emt 0:00:04]} Nf6 {[%emt 0:00:10]} 2. c4 {[%emt 0:00:11]} g6 {[%emt 0:
00:06]} 3. Nc3 {[%emt 0:00:07]} d5 {[%emt 0:00:04]} 4. cxd5 {[%emt 0:00:15]}
Nxd5 {[%emt 0:00:05]} 5. Bd2 {[%emt 0:00:10]} Bg7 {[%emt 0:00:42]} 6. e4 {
[%emt 0:00:16]} Nxc3 {[%emt 0:00:08]} 7. Bxc3 {[%emt 0:00:10]} O-O {[%emt 0:00:
27]} 8. Qd2 {[%emt 0:00:42]} c5 {[%emt 0:00:31]} 9. d5 {[%emt 0:00:33]} Bxc3 {
[%emt 0:09:11]} 10. bxc3 {[%emt 0:00:26]} e6 {[%emt 0:01:10]} 11. d6 {[%emt 0:
00:26]} e5 {[%emt 0:15:08]} 12. h4 {[%emt 0:35:26]} Qf6 {[%emt 0:06:07]} 13. h5
{[%emt 0:01:12]} Rd8 {[%emt 0:05:26]} 14. hxg6 {[%emt 0:06:15]} hxg6 {[%emt 0:
01:38]} 15. Rd1 {[%emt 0:05:10]} 1/2-1/2

[Event "54th Ilmar Raud Memorial"]
[Site "Viljandi"]
[Date "2020.07.10"]
[Round "7.1"]
[White "Shishkov, Andrei"]
[Black "Neiksans, Arturs"]
[Result "0-1"]
[WhiteElo "2390"]
[BlackElo "2557"]
[PlyCount "78"]
[EventDate "2020.??.??"]

1. d4 {[%emt 0:01:00]} Nf6 {[%emt 0:00:06]} 2. c4 {[%emt 0:00:03]} e6 {[%emt 0:
00:06]} 3. Nc3 {[%emt 0:00:03]} Bb4 {[%emt 0:00:06]} 4. Qc2 {[%emt 0:00:05]} d5
{[%emt 0:00:08]} 5. cxd5 {[%emt 0:00:08]} exd5 {[%emt 0:00:05]} 6. Bg5 {
[%emt 0:00:04]} h6 {[%emt 0:00:09]} 7. Bxf6 {[%emt 0:00:08]} Qxf6 {[%emt 0:00:
10]} 8. a3 {[%emt 0:00:03]} Bxc3+ {[%emt 0:00:31]} 9. Qxc3 {[%emt 0:00:04]} c6
{[%emt 0:01:07]} 10. e3 {[%emt 0:00:16]} O-O {[%emt 0:03:02]} 11. Nf3 {[%emt 0:
00:46]} Bf5 {[%emt 0:00:25]} 12. Be2 {[%emt 0:02:05]} Nd7 {[%emt 0:02:22]} 13.
O-O {[%emt 0:00:17]} Bg4 {[%emt 0:06:19]} 14. Rfc1 {[%emt 0:04:10]} Rfc8 {
[%emt 0:14:34]} 15. Rc2 {[%emt 0:10:14]} Bf5 {[%emt 0:07:35]} 16. Bd3 {[%emt 0:
00:53]} Bxd3 {[%emt 0:00:42]} 17. Qxd3 {[%emt 0:00:08]} a5 {[%emt 0:01:09]} 18.
a4 {[%emt 0:10:32]} Qe7 {[%emt 0:01:31]} 19. Ra3 {[%emt 0:08:43]} Nf6 {[%emt 0:
06:57]} 20. Ne5 {[%emt 0:15:46]} Ne4 {[%emt 0:05:00]} 21. f3 {[%emt 0:01:11]}
Nd6 {[%emt 0:01:47]} 22. Ra1 {[%emt 0:00:35]} Re8 {[%emt 0:01:39]} 23. Re1 {
[%emt 0:01:51]} Qc7 {[%emt 0:03:48]} 24. Qb3 {[%emt 0:10:20]} Re7 {[%emt 0:02:
44]} 25. h4 {[%emt 0:10:44]} Nf5 {[%emt 0:03:55]} 26. Rec1 {[%emt 0:08:33]} Qd6
{[%emt 0:16:01]} 27. h5 {[%emt 0:00:23]} f6 {[%emt 0:00:38]} 28. Ng6 {[%emt 0:
01:41]} Rxe3 {[%emt 0:00:16]} 29. Qxb7 {[%emt 0:02:02]} Rae8 {[%emt 0:00:11]}
30. f4 {[%emt 0:00:43]} Qe6 {[%emt 0:09:35]} 31. Qxc6 {[%emt 0:10:00]} Qxc6 {
[%emt 0:00:13]} 32. Rxc6 {[%emt 0:00:01]} Nxd4 {[%emt 0:00:06]} 33. Kh2 {
[%emt 0:00:46]} Nxc6 {[%emt 0:00:13]} 34. Rxc6 {[%emt 0:00:01]} Rd8 {[%emt 0:
03:12]} 35. Rc7 {[%emt 0:00:53]} d4 {[%emt 0:00:59]} 36. Ne7+ {[%emt 0:00:13]}
Kh8 {[%emt 0:00:26]} 37. Nc6 {[%emt 0:03:11]} Rd5 {[%emt 0:00:48]} 38. g4 {
[%emt 0:00:58]} d3 {[%emt 0:00:15]} 39. Ne7 {[%emt 0:01:05]} Rxe7 {[%emt 0:00:
05]} 0-1

[Event "54th Ilmar Raud Memorial"]
[Site "Viljandi"]
[Date "2020.07.10"]
[Round "7.2"]
[White "Meshkovs, Nikita"]
[Black "Külaots, Kaido"]
[Result "1/2-1/2"]
[WhiteElo "2582"]
[BlackElo "2524"]
[PlyCount "21"]
[EventDate "2020.??.??"]

1. Nf3 {[%emt 0:00:03]} Nf6 {[%emt 0:00:18]} 2. c4 {[%emt 0:00:09]} c5 {
[%emt 0:00:22]} 3. Nc3 {[%emt 0:05:24]} Nc6 {[%emt 0:01:09]} 4. d4 {[%emt 0:00:
45]} cxd4 {[%emt 0:00:06]} 5. Nxd4 {[%emt 0:00:09]} e6 {[%emt 0:00:11]} 6. a3 {
[%emt 0:00:40]} Be7 {[%emt 0:04:50]} 7. e3 {[%emt 0:04:18]} O-O {[%emt 0:00:55]
} 8. Be2 {[%emt 0:00:34]} d5 {[%emt 0:02:00]} 9. O-O {[%emt 0:02:53]} e5 {
[%emt 0:06:40]} 10. Nxc6 {[%emt 0:21:09]} bxc6 {[%emt 0:00:48]} 11. b4 {
[%emt 0:01:36]} 1/2-1/2

[Event "54th Ilmar Raud Memorial"]
[Site "Viljandi"]
[Date "2020.07.10"]
[Round "7.3"]
[White "Miezis, Normunds"]
[Black "Laurusas, Tomas"]
[Result "0-1"]
[WhiteElo "2489"]
[BlackElo "2511"]
[PlyCount "102"]
[EventDate "2020.??.??"]

1. c4 {[%emt 0:00:03]} c6 {[%emt 0:00:10]} 2. e4 {[%emt 0:00:13]} d5 {[%emt 0:
00:13]} 3. cxd5 {[%emt 0:00:15]} cxd5 {[%emt 0:00:10]} 4. exd5 {[%emt 0:00:08]}
Nf6 {[%emt 0:00:06]} 5. Nc3 {[%emt 0:00:30]} Nxd5 {[%emt 0:00:15]} 6. Nf3 {
[%emt 0:00:22]} e6 {[%emt 0:00:22]} 7. d4 {[%emt 0:01:10]} Bb4 {[%emt 0:00:27]}
8. Bd2 {[%emt 0:03:46]} Nc6 {[%emt 0:00:41]} 9. Bd3 {[%emt 0:14:32]} O-O {
[%emt 0:00:24]} 10. O-O {[%emt 0:03:44]} Be7 {[%emt 0:00:12]} 11. Qb1 {[%emt 0:
09:59]} g6 {[%emt 0:09:45]} 12. Bh6 {[%emt 0:04:06]} Re8 {[%emt 0:02:25]} 13.
Rd1 {[%emt 0:01:33]} Bf8 {[%emt 0:15:13]} 14. Bxf8 {[%emt 0:05:39]} Rxf8 {
[%emt 0:02:18]} 15. Qc1 {[%emt 0:00:26]} Nce7 {[%emt 0:01:09]} 16. Qh6 {
[%emt 0:01:17]} f6 {[%emt 0:00:12]} 17. Rac1 {[%emt 0:03:42]} Rf7 {[%emt 0:02:
14]} 18. h4 {[%emt 0:03:20]} Bd7 {[%emt 0:01:34]} 19. Ne4 {[%emt 0:02:40]} b6 {
[%emt 0:04:15]} 20. Qd2 {[%emt 0:03:25]} Rc8 {[%emt 0:04:54]} 21. Nd6 {[%emt 0:
03:32]} Rxc1 {[%emt 0:00:08]} 22. Rxc1 {[%emt 0:00:32]} Rg7 {[%emt 0:07:19]}
23. a3 {[%emt 0:04:04]} Qb8 {[%emt 0:02:16]} 24. Ne4 {[%emt 0:00:21]} Rf7 {
[%emt 0:00:10]} 25. g3 {[%emt 0:09:52]} Rf8 {[%emt 0:00:45]} 26. Re1 {[%emt 0:
01:09]} Kg7 {[%emt 0:00:36]} 27. Qe2 {[%emt 0:03:02]} Qc7 {[%emt 0:02:13]} 28.
Bb5 {[%emt 0:00:39]} Rc8 {[%emt 0:00:29]} 29. Bxd7 {[%emt 0:06:11]} Qxd7 {
[%emt 0:00:16]} 30. h5 {[%emt 0:02:37]} Re8 {[%emt 0:07:22]} 31. Kg2 {[%emt 0:
04:39]} Nf5 {[%emt 0:01:21]} 32. hxg6 {[%emt 0:00:54]} hxg6 {[%emt 0:00:06]}
33. Rh1 {[%emt 0:01:21]} Rc8 {[%emt 0:00:40]} 34. Ned2 {[%emt 0:05:26]} Rc2 {
[%emt 0:03:18]} 35. Ne1 {[%emt 0:01:29]} Qc6 {[%emt 0:02:51]} 36. Nef3 {
[%emt 0:00:44]} Nxd4 {[%emt 0:15:05]} 37. Qe4 {[%emt 0:00:38]} Nxf3 {[%emt 0:
00:13]} 38. Nxf3 {[%emt 0:00:28]} e5 {[%emt 0:00:06]} 39. Re1 {[%emt 0:00:36]}
Rxb2 {[%emt 0:00:17]} 40. Kg1 {[%emt 0:00:35]} Qc2 {[%emt 0:01:45]} 41. Qxc2 {
[%emt 0:00:18]} Rxc2 {[%emt 0:00:05]} 42. Rd1 {[%emt 0:00:05]} Rc5 {[%emt 0:00:
03]} 43. Nd2 {[%emt 0:00:13]} Nc3 {[%emt 0:05:32]} 44. Re1 {[%emt 0:00:18]} Ra5
{[%emt 0:06:00]} 45. f4 {[%emt 0:01:10]} exf4 {[%emt 0:00:09]} 46. gxf4 {
[%emt 0:00:30]} Nd5 {[%emt 0:00:13]} 47. f5 {[%emt 0:01:48]} Rxa3 {[%emt 0:00:
24]} 48. fxg6 {[%emt 0:00:08]} Kxg6 {[%emt 0:00:06]} 49. Kf2 {[%emt 0:00:40]}
Ra2 {[%emt 0:02:09]} 50. Rg1+ {[%emt 0:01:30]} Kf5 {[%emt 0:00:07]} 51. Ke2 {
[%emt 0:00:09]} Nf4+ {[%emt 0:00:06]} 0-1

[Event "54th Ilmar Raud Memorial"]
[Site "Viljandi"]
[Date "2020.07.10"]
[Round "7.4"]
[White "Volodin, Aleksandr"]
[Black "Sakalauskas, Vaidas"]
[Result "1/2-1/2"]
[WhiteElo "2497"]
[BlackElo "2335"]
[PlyCount "96"]
[EventDate "2020.??.??"]

1. d4 {[%emt 0:01:46]} Nf6 {[%emt 0:00:29]} 2. c4 {[%emt 0:00:06]} g6 {[%emt 0:
00:12]} 3. Nc3 {[%emt 0:00:05]} d5 {[%emt 0:00:23]} 4. cxd5 {[%emt 0:00:07]}
Nxd5 {[%emt 0:00:08]} 5. Bd2 {[%emt 0:00:15]} Bg7 {[%emt 0:08:07]} 6. e4 {
[%emt 0:00:19]} Nb6 {[%emt 0:01:23]} 7. Be3 {[%emt 0:01:07]} O-O {[%emt 0:00:
53]} 8. h3 {[%emt 0:03:48]} e5 {[%emt 0:03:40]} 9. dxe5 {[%emt 0:01:07]} Bxe5 {
[%emt 0:01:24]} 10. Nf3 {[%emt 0:00:27]} Qxd1+ {[%emt 0:09:31]} 11. Rxd1 {
[%emt 0:02:26]} Bxc3+ {[%emt 0:09:20]} 12. bxc3 {[%emt 0:00:07]} Be6 {[%emt 0:
00:03]} 13. Rd2 {[%emt 0:16:06]} Nc6 {[%emt 0:14:11]} 14. Nd4 {[%emt 0:02:51]}
Nxd4 {[%emt 0:02:11]} 15. cxd4 {[%emt 0:01:10]} Nc4 {[%emt 0:00:12]} 16. Rc2 {
[%emt 0:05:30]} Nxe3 {[%emt 0:00:48]} 17. fxe3 {[%emt 0:00:05]} c6 {[%emt 0:01:
24]} 18. Bd3 {[%emt 0:10:42]} Rad8 {[%emt 0:15:26]} 19. Ke2 {[%emt 0:05:28]} f5
{[%emt 0:10:46]} 20. e5 {[%emt 0:06:19]} Bd5 {[%emt 0:01:51]} 21. Bc4 {[%emt 0:
01:20]} Rf7 {[%emt 0:03:22]} 22. Rb1 {[%emt 0:01:42]} Re7 {[%emt 0:00:27]} 23.
g4 {[%emt 0:06:21]} Bxc4+ {[%emt 0:02:27]} 24. Rxc4 {[%emt 0:00:06]} Kf7 {
[%emt 0:00:13]} 25. Rf1 {[%emt 0:08:17]} Ke6 {[%emt 0:00:26]} 26. e4 {[%emt 0:
06:25]} Rf7 {[%emt 0:01:29]} 27. Ke3 {[%emt 0:00:56]} Rdf8 {[%emt 0:03:42]} 28.
g5 {[%emt 0:03:17]} h6 {[%emt 0:01:48]} 29. gxh6 {[%emt 0:02:34]} Rh8 {[%emt 0:
00:18]} 30. Rc2 {[%emt 0:04:13]} Rxh6 {[%emt 0:00:13]} 31. Rf3 {[%emt 0:00:12]}
fxe4 {[%emt 0:00:38]} 32. Rxf7 {[%emt 0:00:54]} Kxf7 33. Rb2 {[%emt 0:01:04]}
Rxh3+ {[%emt 0:04:32]} 34. Kxe4 {[%emt 0:00:06]} Rh4+ {[%emt 0:01:24]} 35. Kd3
{[%emt 0:01:34]} b6 {[%emt 0:02:02]} 36. Rc2 {[%emt 0:00:19]} c5 {[%emt 0:01:
11]} 37. dxc5 {[%emt 0:00:15]} bxc5 {[%emt 0:00:02]} 38. Rxc5 {[%emt 0:00:26]}
Ra4 {[%emt 0:00:07]} 39. Rc6 {[%emt 0:01:09]} g5 {[%emt 0:00:21]} 40. Rf6+ {
[%emt 0:00:55]} Ke7 {[%emt 0:00:06]} 41. Rg6 {[%emt 0:00:19]} g4 {[%emt 0:00:
08]} 42. Ke3 {[%emt 0:02:30]} a5 {[%emt 0:01:20]} 43. Ra6 {[%emt 0:01:20]} Kf7
{[%emt 0:00:13]} 44. Rf6+ {[%emt 0:00:23]} Ke7 {[%emt 0:00:25]} 45. Ra6 {
[%emt 0:01:15]} g3 {[%emt 0:05:27]} 46. Kf3 {[%emt 0:00:31]} Ra3+ {[%emt 0:00:
11]} 47. Kg2 {[%emt 0:00:10]} a4 {[%emt 0:00:24]} 48. Kh3 {[%emt 0:00:20]} Kf7
{[%emt 0:02:29]} 1/2-1/2

[Event "54th Ilmar Raud Memorial"]
[Site "Viljandi"]
[Date "2020.07.10"]
[Round "7.5"]
[White "Chukavin, Kirill"]
[Black "Kanep, Meelis"]
[Result "1-0"]
[WhiteElo "2345"]
[BlackElo "2465"]
[PlyCount "47"]
[EventDate "2020.??.??"]

1. e4 {[%emt 0:00:05]} c5 {[%emt 0:00:05]} 2. Nc3 {[%emt 0:00:09]} d6 {[%emt 0:
00:18]} 3. f4 {[%emt 0:00:23]} g6 {[%emt 0:00:39]} 4. Nf3 {[%emt 0:00:20]} Bg7
{[%emt 0:00:07]} 5. Bc4 {[%emt 0:00:11]} e6 {[%emt 0:00:16]} 6. d4 {[%emt 0:12:
03]} cxd4 {[%emt 0:05:16]} 7. Nxd4 {[%emt 0:00:12]} a6 {[%emt 0:00:32]} 8. f5 {
[%emt 0:18:49]} d5 {[%emt 0:05:51]} 9. fxe6 {[%emt 0:23:10]} dxc4 {[%emt 0:02:
22]} 10. exf7+ {[%emt 0:01:56]} Kxf7 {[%emt 0:00:07]} 11. O-O+ {[%emt 0:00:23]}
Ke8 {[%emt 0:00:20]} 12. Nd5 {[%emt 0:00:30]} Nc6 {[%emt 0:28:45]} 13. Nxc6 {
[%emt 0:10:23]} bxc6 {[%emt 0:01:05]} 14. Qf3 {[%emt 0:00:43]} Be6 {[%emt 0:06:
50]} 15. Bg5 {[%emt 0:01:01]} Qd6 {[%emt 0:14:55]} 16. Rae1 {[%emt 0:14:58]}
Ra7 {[%emt 0:02:40]} 17. Bf4 {[%emt 0:00:41]} Qd7 {[%emt 0:03:26]} 18. Be5 {
[%emt 0:03:16]} Rb7 {[%emt 0:09:38]} 19. Qa3 {[%emt 0:01:32]} h6 {[%emt 0:04:
12]} 20. Bxg7 {[%emt 0:03:14]} Qxg7 {[%emt 0:00:02]} 21. Qd6 {[%emt 0:00:18]}
Bd7 {[%emt 0:05:02]} 22. Nc7+ {[%emt 0:00:27]} Rxc7 {[%emt 0:00:13]} 23. Qxc7 {
[%emt 0:00:05]} Ne7 {[%emt 0:03:55]} 24. Rd1 {[%emt 0:01:03]} 1-0